Aardrathayute punarjanikal: (Record no. 181977)

000 -LEADER
fixed length control field 00471nam a2200169 4500
020 ## - INTERNATIONAL STANDARD BOOK NUMBER
ISBN 9789393713124
082 ## - DEWEY DECIMAL CLASSIFICATION NUMBER
Classification number M100 7
Item number ASH/A
100 ## - MAIN ENTRY--AUTHOR NAME
Personal name Ashalatha V
245 ## - TITLE STATEMENT
Title Aardrathayute punarjanikal:
Sub Title Sugathakumariyude kavitha patanam/
Statement of responsibility, etc by Ashalatha V
260 ## - PUBLICATION, DISTRIBUTION, ETC. (IMPRINT)
Place of publication S.L.:
Name of publisher Ashalatha V,
Year of publication 2022.
300 ## - PHYSICAL DESCRIPTION
Number of Pages 118p.
650 ## - SUBJECT ADDED ENTRY--TOPICAL TERM
Topical Term Poetry Sugathakumari Study
650 ## - SUBJECT ADDED ENTRY--TOPICAL TERM
Topical Term Poetry Malayalam Study
650 ## - SUBJECT ADDED ENTRY--TOPICAL TERM
Topical Term Literature Malayalam
650 ## - SUBJECT ADDED ENTRY--TOPICAL TERM
Topical Term Literature
942 ## - ADDED ENTRY ELEMENTS (KOHA)
Koha item type Book
Holdings
Withdrawn status Lost status Damaged status Not for loan Permanent Location Current Location Shelving location Date acquired Cost, normal purchase price Full call number Accession Number Price effective from Koha item type
        Sree Sankaracharya University of Sanskrit Sree Sankaracharya University of Sanskrit Stacks 03.06.2026 150.00 M100 7 ASH/A 109114 03.06.2026 Book